| 000 | 00346nam a2200145Ia 4500 | ||
|---|---|---|---|
| 008 | 150201s2007 xx 000 0 und d | ||
| 082 |
_a617.6 _bD10K |
||
| 100 | _aKAPOOR,VINOD | ||
| 245 | _aTB. OF ORAL AND MAXILLOFACIAL SURGERY | ||
| 250 | _a2ND | ||
| 260 |
_bARYA PUB. _aDELHI _c2007 |
||
| 300 | _a1-684 | ||
| 650 | _aDENTISTRY | ||
| 942 |
_2ddc _cBK |
||
| 999 |
_c379 _d379 |
||